Canzoni di natale - Completa il titolo. - Statistics

Statistiche generali
  • Questo quiz è stato fatto 203 volte
  • Il punteggio medio è 10 su 17
Statistiche sulle risposte
Canzone Risposta % Corretto
Tu scendi dalle ______ stelle
100%
______ navidad feliz
95%
All I ____ for Christmas is you want
94%
Jingle Bell _____ rock
75%
Santa Claus is coming to ___ town
75%
Happy Xmas ( ___ is over) - J. Lennon war
74%
____ del ciel astro
71%
Silent ____ night
63%
It's beginning to ___ a lot like Christmas look
60%
Thank ___ it's Christmas - Queen god
58%
___ Christmas - Wham last
57%
Santa ___ me - A. Grande tell
52%
_____ fideles adeste
48%
_____ natale bianco
42%
Natale senza _____ - M. Mengoni regali
18%
Natale tanto ___ -F. Gabbani vale
9%
Natale allo _____ - Elio e le storie tese zenzero
8%
Nessun quiz corrispondente trovato
Distribuzione punteggi
Percentuale di utenti per punteggio
Percentile per numero di risposta
I tuoi punteggi nel tempo
Non hai fatto questo quiz